El estudio del suelo y de su degradación en relación con la desertificación : Actas del XII Congreso Latinoamericano de la Ciencia del Suelo /
Guardado en:
| Autores Corporativos: | , |
|---|---|
| Otros Autores: | |
| Formato: | Libro |
| Idioma: | Spanish |
| Publicado: |
Salamanca :
Ministerio de Agricultura, Pesca y Alimentación,
1993.
|
| Etiquetas: |
Agregar Etiqueta
Sin Etiquetas, Sea el primero en etiquetar este registro!
|
| LEADER | 01049nam a22001815a 4500 | ||
|---|---|---|---|
| 001 | EEA.libagro008646 | ||
| 005 | 20170314122449.0 | ||
| 008 | 130809s1993####sp############100#0#spa#d | ||
| 082 | 0 | 4 | |a 631.45 |
| 111 | 2 | |a Congreso Latinoamericano de la Ciencia del Suelo |n (12 : |d 19 a 26 de septiembre de 1993 : |c Salamanca, Sevilla (España) | |
| 245 | 0 | 3 | |a El estudio del suelo y de su degradación en relación con la desertificación : |b Actas del XII Congreso Latinoamericano de la Ciencia del Suelo / |c [organizado por la] Sociedad Española de la Ciencia del Suelo ; (edición dirigida por : Juan F. Gallardo Lancho). |
| 260 | |a Salamanca : |b Ministerio de Agricultura, Pesca y Alimentación, |c 1993. | ||
| 300 | |a 3 t. 1216 p. ; |c 21 cm. | ||
| 700 | 1 | |a Gallardo Lancho, Juan Fernando, |e editor. | |
| 710 | 2 | |a Sociedad Española de la Ciencia del Suelo. | |
| 859 | |a AR-BbBCA |b BIB. AGRONOMIA |h 631.45 |i G163 |p 2012/6044 |v 1 |3 Tomo 1 | ||
| 859 | |a AR-BbBCA |b BIB. AGRONOMIA |h 631.45 |i G163 |p 2012/6045 |v 2 |3 Tomo 2 | ||
| 859 | |a AR-BbBCA |b BIB. AGRONOMIA |h 631.45 |i G163 |p 2012/6046 |v 3 |3 Tomo 3 | ||
